000 00665cam a22001934a 4500
005 20250605164346.0
008 250528s ||||||||||||||||||||||||d
035 _a23906
040 _aGR-AtMCL
_bgre
_dGR-AtMCL
_eAACR2
245 1 _aToilet Psychology / Nick Haslam on Why Psychologists Should Open the Door
260 _c2012
300 _a83
520 _aTall Poppies and Deservingness and Schadenfreude, Defining Learning Disability, Opinion: The Brave Psychologist, Interview: Psychology in the Arab World.
700 1 _aSutton Jon
_99351
942 _cCR
710 2 _aThe British Psychological Society
_99823
999 _c8824
_d8824